|
|
|
|
| LEADER |
00000nam0a2200000 4500 |
| 001 |
14266 |
| 005 |
20231101204935.0 |
| 035 |
|
|
|a (RuTPU)RU\TPU\book\14358
|
| 035 |
|
|
|a BOOK00014427
|
| 090 |
|
|
|a 14266
|
| 100 |
|
|
|a 20011209d1999 m y0engy50 ba
|
| 101 |
0 |
|
|a eng
|
| 102 |
|
|
|a RU
|
| 105 |
|
|
|a y j 000zy
|
| 200 |
1 |
|
|a The Bases of Biotechnology
|e Textbook
|f L. V. Timoshenko
|g Tomsk Polytechnic University (TPU)
|
| 210 |
|
|
|a Tomsk
|c TPU Press
|d 1999
|
| 215 |
|
|
|a 93 p.
|
| 606 |
|
|
|a Биотехнология
|2 stltpush
|3 (RuTPU)RU\TPU\subj\28764
|9 52257
|
| 610 |
1 |
|
|a биотехнология
|
| 610 |
1 |
|
|a учебные пособия
|
| 610 |
1 |
|
|a английский язык
|
| 675 |
|
|
|a 60(075.8)
|v 3
|
| 700 |
|
1 |
|a Timoshenko
|b L. V.
|g Larisa V.
|
| 712 |
0 |
2 |
|a Tomsk Polytechnic University (TPU)
|2 stltpush
|3 (RuTPU)RU\TPU\col\452
|
| 801 |
|
0 |
|a RU
|b 63413507
|c 20011209
|g PSBO
|
| 801 |
|
2 |
|a RU
|b 63413507
|c 20220802
|g PSBO
|
| 942 |
|
|
|c BK
|